000
00272 a2200109 4500
001
51291
040
_c
Anchieta - Pituba
240
1
0
_a
TEAM DEUTSCH 1 DIGITAL
_l
245
1
0
_a
TEAM DEUTSCH 1 DIGITAL
650
4
_a
Línguas germânicas (teutônicas) língua alemã
942
_c
MX
999
_c
51291
_d
51291